000 00750nas a2200253 4500
001 BR2011000142
003 BR-BrBNA
005 20231205114353.0
007 ta
008 230509b bl.|||p| |||| 00| 00por d
040 _aBR-BrBNA
_bpor
_cBiblioteca Nacional de Agricultura
041 _a(Pt)
072 _aF03
100 1 _aAlmeida Junior, E.B. de
100 1 _aLima, L.F.
100 1 _aLima, P.B.
100 1 _aZackel, C.S.
245 1 _aDescrição morfológica de frutos e sementes de Manilkara salzmannii (Sapotaceae)
650 _aSAPOTI
650 _aSEMENTE
773 0 _tFloresta (Brazil)
_xISSN 0015-3826
_g(Jul-Sep 2010), v. 40(3) p. 535-540
_wBR2011000142
909 _a202311
_bLúcia
_c55
_dLúcia Elande
942 _2AGRIS
_n0
_cANA
999 _c208461
_d208461